Vista normal
Vista MARC
Entrada Materia (tema)
Número de registros utilizados en: 1
001 - CONTROL NUMBER
- control field: 57336
003 - CONTROL NUMBER IDENTIFIER
- control field: Co-BoUCM
005 - DATE AND TIME OF LATEST TRANSACTION
- control field: 20140226154433.0
008 - FIXED-LENGTH DATA ELEMENTS
- fixed length control field: 140226|| aca||aabn | a|a d
040 ## - CATALOGING SOURCE
- Original cataloging agency: Co-BoUCM
- Transcribing agency: Co-BoUCM
150 ## - HEADING--TOPICAL TERM
- Topical term or geographic name as entry element: Tesis y disertaciones académicas
- Geographic subdivision: Colombia
- Form subdivision: Catálogos
670 ## - SOURCE DATA FOUND
- Source citation: Work cat.: (Co-BoUCM)239567: Concurso Nacional Otto de Greiff (15. : 2011 : Bogota) 56898, Concurso Nacional Otto de Greiff, 2011